00273 a2200121 4500001000700000020000600007040001100013100001900024240004700043245004200090362000900132440001000141159459 a  cMagnum aSowler, Sandie10aMundo incrivel: disfarces dos animaislpor10aMundo incrivel: disfarces dos animais0 a1899 1aGlobo